Loading...
| Religion | 0 | 5 | 1 | 1 | 45 | 39 | 79.80 | 1 | 4 |
| Philosophy | 0 | 4 | 0 | 0 | 40 | 16 | 66.00 | 1 | 2 |
| History - Other History | 0 | 3 | 0 | 0 | 30 | 65 | 73.33 | 0 | 3 |
| Social Science | 0 | 3 | 0 | 0 | 30 | 45 | 70.00 | 0 | 2 |
| History - European History | 0 | 3 | 1 | 0 | 25 | 63 | 94.33 | 0 | 1 |
| Literature - European Literature | 0 | 2 | 0 | 0 | 20 | 114 | 124.00 | 0 | 0 |
| Fine Arts - Visual Fine Arts | 0 | 2 | 0 | 0 | 20 | 91 | 99.50 | 0 | 1 |
| Literature - World/Other Literature | 0 | 2 | 0 | 0 | 20 | 82 | 112.50 | 0 | 0 |
| Mythology | 0 | 1 | 0 | 0 | 10 | 89 | 89.00 | 0 | 1 |
| Other Academic | 0 | 1 | 0 | 0 | 10 | 82 | 82.00 | 0 | 0 |
| Fine Arts - Classical Music | 0 | 1 | 0 | 1 | 10 | 115 | 115.00 | 0 | 0 |
| Fine Arts - Other Fine Arts | 0 | 1 | 1 | 0 | 5 | 88 | 88.00 | 0 | 1 |
| History - American History | 0 | 0 | 1 | 0 | -5 | 0.00 | 0 | 0 | |
| Geography/Current Events | 0 | 0 | 1 | 0 | -5 | 0.00 | 0 | 0 |